000 01023cab a2200313 4500
001 WB3212-31
008 090401t1996 xxu||||| |||| 00| 0 eng d
035 _a(Sirsi) u56678
041 _aeng
245 _aTougher controls for rented property
260 _c1996
350 _a0
490 _aTimes
_v21 March 1996, 10
490 _aFinancial Times
_v21 March 1996, 12(2)
520 _aThe Law Commission reports that much rented accommodation is not fit to live in. Landlords should be forced into making conditions habitable. "Responsibility for state and condition of property" HMSO £20.40.
650 _aHABITABLE STATE
650 _aLANDLORDS
650 _aLAW COMMISSION
650 _aPROPERTY-LEASEHOLD PROPERTY
650 _aPRIVATE RENTED SECTOR
650 _aREFORM
650 _aRENTED HOUSING
650 _aREPAIR
650 _aUNFIT HOUSES
690 _aBUILDING AND CONSTRUCTION-REPAIRS AND MAINTENANCE
690 _aLandlord and tenant
_96252
942 _n0
948 _c04/03/1997
999 _c34592
_d34592